Normal view
MARC view
Entry Personal Name
001 - CONTROL NUMBER
- control field: 1240043
003 - CONTROL NUMBER IDENTIFIER
- control field: OSt
005 - DATE AND TIME OF LATEST TRANSACTION
- control field: 20260514122723.0
008 - FIXED-LENGTH DATA ELEMENTS
- fixed length control field: 260514|| aca||aabn | a|a d
040 ## - CATALOGING SOURCE
- Original cataloging agency: OSt
- Transcribing agency: OSt
100 ## - HEADING--PERSONAL NAME
- Personal name: Dr.Mona Bedi
670 ## - SOURCE DATA FOUND
- Source citation: Work cat.: (OSt)1851661: Dr.Meva Ram 1240042, Study of Autonomic Functions and Lipid Profile in First Degree Relatives of Type 2 Diabetes Patients.
